000 00431nam a2200169Ia 4500
008 210707s1975 xx 000 0 und d
020 _a0070449058
041 _aeng
082 _a330 MCCE
100 _aMcCONNELL (Campbell R)
245 _aEconomics: principles, problems and policies.
250 _a6
260 _aParis
_bMcGraw hill book co.
_c1975
300 _axxviii,917 p
563 _aHB
650 _aEconomic Theory
999 _c179998
_d179998